| 000 | 00327nam a2200109Ia 4500 | ||
|---|---|---|---|
| 008 | 220216s9999 xx 000 0 und d | ||
| 100 | _aSharp C C T | ||
| 245 | 0 | _aExperiments with economic trapping systems. (1). Part III. | |
| 260 |
_bJournal of the Rubber Research Institute of Malaya _c1935 |
||
| 300 | _a105-110 | ||
| 942 | _cJS | ||
| 999 |
_c59128 _d59128 |
||